| 000 | 00662cam a2200145 4500500 | ||
|---|---|---|---|
| 005 | 20260208005950.0 | ||
| 041 | _afre | ||
| 042 | _adc | ||
| 100 | 1 | 0 |
_aReid, Martine _eauthor |
| 245 | 0 | 0 | _aCHRISTOPHER L. MILLER, The French Atlantic Triangle, Literature and Culture of the Slave Trade. Durham (Caroline du Nord) and London, Duke University Press, 2008. Un vol. 15,5 × 23 de 571 p. Ill. |
| 260 | _c2009. | ||
| 500 | _a53 | ||
| 786 | 0 | _nRevue d'histoire littéraire de la France | 109 | 2 | 2009-06-05 | p. 449v-482v | 0035-2411 | |
| 856 | 4 | 1 | _uhttps://shs.cairn.info/revue-d-histoire-litteraire-de-la-france-2009-2-page-449v?lang=fr&redirect-ssocas=7080 |
| 999 |
_c1654613 _d1654613 |
||